| 000 | 00528nam a2200217Ia 4500 | ||
|---|---|---|---|
| 008 | 210210b1954 xxu||||| |||| 00| 0 eng d | ||
| 041 | _aeng | ||
| 082 | _a546 EMEM | ||
| 100 | _aEMELEUS (H J) | ||
| 245 | _aModern aspects of inorganic chemistry | ||
| 260 |
_aLondon _bRoutledge and Kegan Paul Ltd _c1954 |
||
| 300 | _axi,557 | ||
| 650 | _aof | ||
| 650 | _aModern | ||
| 650 | _ainorganic | ||
| 650 | _achemistry | ||
| 650 | _aaspects | ||
| 690 | _aInorganic Chemistry | ||
| 700 | _aANDERSON (J S) | ||
| 906 | _a009463 | ||
| 999 |
_c140650 _d140650 |
||